The architecture of frank lloyd wright

Bibliographic Details
Main Author: Storrer, William Allin
Format: Section = Libro
Language:Undetermined
Spanish
Published: Massachusetts The MIT Press 1974
Subjects:
LEADER 00490nam a2200181Ia 4500
008 240829s9999 xx 000 0 und d
020 |a 0-262-19097-4 
040 |a BIBLIOTECA-RUSB/ 720.7473 S886 
041 |a spa 
082 |a 720.7473 S886 
100 1 |a Storrer, William Allin 
245 1 4 |a The architecture of frank lloyd wright 
260 |a Massachusetts  |b The MIT Press  |c 1974 
300 |a 433 p. :il. 
650 7 |a ARQUITECTURA-ESTADOS UNIDOS 
942 |c BK  |2 ddc 
991 |a TEXTO 
999 |c 5047